000 00802nam a2200253 a 4500
001 67901
003 BD-RjUL
005 20211209081714.0
008 170329s1948 enka 001 0 eng
035 _a(BD-RjUL)68110
040 _aDLC
_cGAT
_dBD-RjUL
_beng
041 _aeng
082 _a540
_223
_bSAO 1948
100 1 _aSaunders, Bernard Charles.
_9201282
245 1 0 _aOrder and chaos in the world of atoms /
_cB. C. Saunders and R. E. D. Clark.
250 _a[Completely rev. ed.]
260 _aLondon :
_bEnglish Universities Press,
_c1948.
300 _aix, 299 p. :
_bill. ;
_c20 cm.
500 _aIncludes index
650 0 _aChemistry.
_9201283
700 1 _aClark, Robert E. D.
_q(Robert Edward David),
_d1906-1984,
_ejoint author.
_9201284
942 _2ddc
_cBK
999 _c67901
_d67901